000
00321nam a2200157Ia 4500
100
_a
Frenzel
250
_a
1
942
_c
BK
654
_a
Electronics
245
_a
Communication Electronics 2/E
260
_b
MGH
_a
New Delhi
_c
1994
082
_a
621.38
_b
PAN
300
_a
418 0
546
_a
ENGLISH
999
_c
30193
_d
30193